000
00331nam a22001337a 4500
008
180912b xxu||||| |||| 00| 0 eng d
020
_a
9780787981150
041
_a
eng
080
_a
371
100
_a
49
101
_a
EDU
245
_a
The Advanced Of Learning Building The Teaching Commons
_c
Huber M.T
942
_2
udc
_c
BK
999
_c
47690
_d
47690